1354 1291 1313 1709 1686 1990 1151 1651 1452 1134 1267 1830 1939 1712 1291 1130 1495 1413 1035 1991 1771 1118 1229 1465 1589 1847 1272 1239 1976 1333 1095 1912 1886 1398 1446 1642 1368 1138 1530 1278 1203 1975 1801 1685 1165 1042 1482 1851 1278 1288 1637 1941 1691 1601 1683 1339 1003 1360 1528 1581 1064 1954 1578 1914 1052 1580 1132 1694 1600 1043 1174 1168 1697 1983 1575 1917 1187 1185 1674 1621 1301 1415 1722 1257 1403 1605 1684 1755 1302 1605 1300 1516 1391 1252 1800 1791 1073 1534 1314 BCNSPRNW ULIB Ver.6.0+V

เปลี่ยนเป็นภาษาไทย

Change to English
 แสดงรายละเอียดบรรณานุกรม
  กลับหน้าหลัก

Brief Record : Get Marc (ISO 2709) : E-mail record : QR code < ปิดหน้าต่าง
LEADER : 00000nam 2200000uu 4500
001    13399107683
003     ULIB
008    110120s2552th 000 0 tha d d
020    9786165070089
060 04 WB39^bศ324ค
245 00 คู่มือหมอใหม่ /^cบรรณาธิการ, ศักดิ์ชัย วงศกิตติรักษ์
250    พิมพ์ครั้งที่ 4
260    กรุงเทพฯ :^bหมอชาวบ้าน,^c2553
300    xvii, 318 หน้า :^bภาพประกอบ ;^c15 ซม.
650  7 แพทย์^vคู่มือ
650  7 การรักษาโรค^vคู่มือ
650  7 อายุรศาสตร์^vคู่มือ
700 0  ศักดิ์ชัย วงศกิตติรักษ์,^eบรรณาธิการ
945    ^p160^l0^i029351
945    ^p160^l0^i029350
945    ^p160^l0^i029349
945    ^p160^l0^i029347
945    ^p160^l0^i029346
945    ^p160^l0^i029345
945    ^p160^l0^i029348
995    เกษร
999 ^a ใช้งานได้ทุกระบบ
รายการนี้ยังไม่มีแท็ก
คุณยังไม่ได้ล็อกอิน คุณสามารถมีกิจกรรมร่วมกับเว็บไซต์ได้ แต่ต้องล็อกอินก่อน ::
  ล็อกอิน

รายการสื่อสารสนเทศ

ลำดับที่ ประเภท เลขเรียก/บาร์โค้ด สถานที่ สถานะ
1. วิทยาศาสตร์การแพทย์ และสุขภาพ
หนังสือสำรอง
สถานะ=หนังสือสำรอง
WB39 ศ324ค ฉ.1 
  Barcode: 029345
ห้องสมุดวิทยาเขตสวรรค์ประชารักษ์
►ส่วนจัดเก็บหนังสือเก่า สปร
บนชั้น
  ขอยืม
2. วิทยาศาสตร์การแพทย์ และสุขภาพ
วิทยาศาสตร์การแพทย์ และสุขภาพ
WB39 ศ324ค ฉ.2 
  Barcode: 029346
ห้องสมุดวิทยาเขตสวรรค์ประชารักษ์
►ส่วนจัดเก็บหนังสือเก่า สปร
บนชั้น
  ขอยืม
3. วิทยาศาสตร์การแพทย์ และสุขภาพ
วิทยาศาสตร์การแพทย์ และสุขภาพ
WB39 ศ324ค ฉ.3 
  Barcode: 029347
ห้องสมุดวิทยาเขตสวรรค์ประชารักษ์
►ส่วนจัดเก็บหนังสือเก่า สปร
บนชั้น
  ขอยืม
4. วิทยาศาสตร์การแพทย์ และสุขภาพ
วิทยาศาสตร์การแพทย์ และสุขภาพ
WB39 ศ324ค ฉ.4 
  Barcode: 029348
ห้องสมุดวิทยาเขตสวรรค์ประชารักษ์
►ส่วนจัดเก็บหนังสือเก่า สปร
บนชั้น
  ขอยืม
5. วิทยาศาสตร์การแพทย์ และสุขภาพ
วิทยาศาสตร์การแพทย์ และสุขภาพ
WB39 ศ324ค ฉ.5 
  Barcode: 029349
ห้องสมุดวิทยาเขตสวรรค์ประชารักษ์
►ส่วนจัดเก็บหนังสือเก่า สปร
บนชั้น
  ขอยืม
6. วิทยาศาสตร์การแพทย์ และสุขภาพ
วิทยาศาสตร์การแพทย์ และสุขภาพ
WB39 ศ324ค ฉ.6 
  Barcode: 029350
ห้องสมุดวิทยาเขตสวรรค์ประชารักษ์
►ส่วนจัดเก็บหนังสือเก่า สปร
บนชั้น
  ขอยืม
7. วิทยาศาสตร์การแพทย์ และสุขภาพ
วิทยาศาสตร์การแพทย์ และสุขภาพ
WB39 ศ324ค ฉ.7 
  Barcode: 029351
ห้องสมุดวิทยาเขตสวรรค์ประชารักษ์
►ส่วนจัดเก็บหนังสือเก่า สปร
บนชั้น
  ขอยืม

BibComment


ยังไม่เคยถูกคอมเมนท์

คอมเมนท์ทรัพยากรรายการนี้
  คอมเมนท์: คู่มือหมอใหม่ บร..


 Copyright 2026. Bcnsprnw @Library